000 00657nam a2200229Ia 4500
008 170203s9999 xx 000 0 und d
020 _a0-307124746
050 _aFic
050 _b.D612p 1995
100 _aPackard, Mary
245 _aPocahontas :
245 _binto the forest /
245 _cby Mary Packard ; illustrated by Darrell Baker.
260 _aNew York, NY. :
260 _bWestern Publishing Company Inc.
260 _c1995
300 _bcolor illustrations ;
300 _c24 cm.
650 _aBoard books.
650 _aIndians of North America -- Juvenile fiction.
650 _aPocahontas, -- -1617 -- Juvenile fiction.
999 _c306203
_d306203